The Lincoln library of essential information

שמור ב:
מידע ביבליוגרפי
פורמט: ספר
שפה:Undetermined
יצא לאור: New York Frontier Press 1967
נושאים:
תגים: הוספת תג
אין תגיות, היה/י הראשונ/ה לתייג את הרשומה!
Thư viện lưu trữ: Trung tâm Học liệu Trường Đại học Cần Thơ
LEADER 00435nam a2200157Ia 4500
001 CTU_25540
008 210402s9999 xx 000 0 und d
082 |a 027 
082 |b L736/Vol.1 
245 4 |a The Lincoln library of essential information 
260 |a New York 
260 |b Frontier Press 
260 |c 1967 
650 |a library publications 
904 |i Minh, 980926 
980 |a Trung tâm Học liệu Trường Đại học Cần Thơ